000 00666nam a2200253Ia 4500
005 20260123122734.0
008 008 260114s9999 xx 000 0 eng d
020 _a9788132113065
037 _aEBOOK
040 _aCRL
040 _beng
040 _cCRL
041 _2eng
041 _aeng
084 _qCRL
100 _aVeena Kukreja, Mahendra Prasad Singh (Editors)
_91104994
245 0 _aDemocracy, Development and Discontent in South Asia
260 _bSAGE
260 _c2013
856 _uhttps://sk.sagepub.com/books/democracy-development-and-discontent-in-south-asia
942 _cEBOOK
999 _c1670230
_d1670230